000 00251nam a22001097a 4500
999 _c252264
_d252263
020 _a0761986278
100 _aGeorge Ritzer
245 _aMcDonaldization of Society
250 _aNew Century Edition
260 _aCalifornia
_bSage
_c2000
942 _cBK